000 00653nam a2200241 i 4500
001 C2-0304732
003 PPAK
005 20180728085900.0
008 100614s2010 my |||| ||||| | may d
020 _a9789836237576
040 _aPPAK
_beng
_cPPAK
_erda
082 0 4 _a899.233
_223
090 0 0 _a899.233
_bGHA
_dK
100 0 _aGhazali Ngah Azia,
_eauthor
245 1 0 _aKasut misteri
264 1 _aKuala Lumpur :
_bDewan Bahasa dan Pustaka ,
_c2010
300 _a130 pages ;
_c18 cm
336 _2rdacontent
_atext
337 _2rdamedia
_aunmediated
338 _2rdacarrier
_avolume
650 1 0 _aChildren's stories, Malay.
942 _ddc
_cB
999 _c107849
_d107849